000 00588nam a2200217Ia 4500
008 180523s9999 xx 000 0 und d
020 _a0-321-22814-6
050 _aMAIN QA 303.2
050 _b.L53 2005
100 _aLial, Margaret L.
245 0 _aCalculus with applications /
245 0 _cMargaret L. Lial, Raymond N. Greenwell, Nathan P. Ritchey.
250 _a8th Edition
260 _aSingapore :
260 _bPearson Education South Asia,
260 _c2006
300 _a751 pages :
300 _billustrations ;
300 _c26 cm.
500 _aIncludes index.
999 _c357463
_d357463